| 000 | 00856nam a22002537a 4500 | ||
|---|---|---|---|
| 999 |
_c107358 _d107358 |
||
| 005 | 20200221110345.0 | ||
| 010 | _aA-791427-428 | ||
| 020 |
_c180.00 _a817201810x |
||
| 035 | _aA-791427-428 | ||
| 037 | _bCen Lib/Ret | ||
| 082 | _aن | ||
| 100 | _aراؤ، راجا | ||
| 245 |
_a سانپ اور رسسی / _cراجا راو ; ؛ترجمہ بلراج کومل |
||
| 246 |
_aSanp Aur Rassi / _bby Raja Komal ; traslated by Balraj Komal |
||
| 260 |
_aیدہل نئی _bساہتیہ اکادمی _c1996 ء |
||
| 270 |
_aرویندرا بھوں ٣٥ فیروز شاہ مارگ _bیدہل نئی _e110001 |
||
| 300 |
_a537p. _c21cm(Hb) |
||
| 650 | _aاردو ادب | ||
| 650 | _aاردو ناول | ||
| 650 | _aUrdu Literature | ||
| 650 | _aUrdu novel | ||
| 700 |
_aبلراج کومل _9118943 |
||
| 942 |
_2ddc _cUR _hن _mر ا و |
||